| 000 | 00930 a2200205 4500 | ||
|---|---|---|---|
| 999 |
_c9011 _d9011 |
||
| 020 | _a9780702177194 | ||
| 050 | 0 | 0 | _aKTL3424.5 GOR2008 |
| 100 | 1 |
_aGordon-Davis, Lisa, _d1966- |
|
| 245 | 1 | 0 |
_aLegal requirements for hospitality businesses / _cLisa Gordon-Davies [sic], Peter Cumberlege. |
| 250 | _a2nd ed. | ||
| 264 |
_aCape Town: _bJuta and Co, _c2008 |
||
| 300 |
_axx, 340 p. : _bill. ; |
||
| 500 | _aRev. ed. of: Legal requirements for South African students and practitioners / Lisa Gordon-Davis, Peter Cumberlege. 2004. | ||
| 500 | _aIncludes index. | ||
| 650 | 0 |
_aHospitality industry _xLaw and legislation |
|
| 700 | 1 | _aCumberlege, Peter. | |
| 700 | 1 |
_aGordon-Davis, Lisa, _d1966- _tLegal requirements for South African students and practitioners. |
|
| 942 |
_2lcc _cBK _h3424 _iGOR _kKTL |
||